| 000 | 00558cam a2200181 4500 | ||
|---|---|---|---|
| 001 | D6424 | ||
| 008 | 090401t1977 xxu||||| |||| 00| 0 eng d | ||
| 035 | _a(Sirsi) u768 | ||
| 041 | _aeng | ||
| 050 | _a551.5 | ||
| 100 | _aLacy, R.E. | ||
| 245 | _aClimate and building in Britain: a review of meteorological information suitable for use in the planning design, construction and operations of building | ||
| 260 |
_aGarston _bBuilding Research Establishment _c1977 |
||
| 300 | _axvii. 185p. ill. 30cm | ||
| 350 | _a15 | ||
| 942 | _n0 | ||
| 948 | _c04/03/1997 | ||
| 999 |
_c85590 _d85590 |
||